| 000 | 00659nam a2200217 a 4500 | ||
|---|---|---|---|
| 001 | 1604 | ||
| 003 | CDMR | ||
| 005 | 20131203160521.0 | ||
| 008 | 130130s1985||||||||||||||||||||||||||||d | ||
| 020 | _a8486153999 | ||
| 040 |
_aCDMR _bcat _cCDMR |
||
| 100 | 1 |
_aCasasús, Josep Maria _9799 |
|
| 245 | 1 | 0 |
_aIdeología y análisis de medios de comunicación _cJosep Maria Casasús |
| 250 | _a[3a ed.] | ||
| 260 |
_aBarcelona _c1985 _bMitre |
||
| 490 | 0 | _aDocumento Periodístico (Mitre) | |
| 650 | 0 | 4 |
_93284 _aComunicació _xInvestigació |
| 650 | 0 | 4 |
_9405 _aMitjans de comunicació de massa |
| 650 | 0 | 4 |
_94097 _aAnàlisi de contingut (Comunicació) |
| 942 |
_cMON _2ddc |
||
| 999 |
_c1604 _d1604 |
||